000 00647nam a2200229Ia 4500
003 GCL
008 140319s9999 xx 000 0 ara d
040 _aGCL /
_cGCL
082 0 4 _aق
_b301.35
_bم ح
100 1 _aمحمود ابو رية
245 1 0 _aحياة القرى /
_cمحمود ابو رية
300 _a159 ص
490 _aالمكتبة الثقافية
_v0
650 0 4 _aمصر
650 0 4 _aالعادات والتقاليد
650 0 4 _aالاحوال الريفية
650 0 4 _aالقرى
650 0 4 _aالريف المصرى
650 0 4 _aالحياة الريفية
650 0 4 _aالريف
942 _2ddc
_cBK
999 _c50612
_d50612